Normal view
MARC view
- Presidents
Entry Topical Term
001 - CONTROL NUMBER
- control field: 97300
003 - CONTROL NUMBER IDENTIFIER
- control field: NUST
005 - DATE AND TIME OF LATEST TRANSACTION
- control field: 20220815174654.0
008 - FIXED-LENGTH DATA ELEMENTS
- fixed length control field: 220815|| aca||aabn | a|a d
040 ## - CATALOGING SOURCE
- Original cataloging agency: NUST
- Transcribing agency: NUST
150 ## - HEADING--TOPICAL TERM
- Topical term or geographic name entry element: Presidents
- Geographic subdivision: United States
- General subdivision: Staff
670 ## - SOURCE DATA FOUND
- Source citation: Work cat.: (NUST)0: Wolff, Michael, 1953- author. 97297, Landslide :
